| 000 | 00812nam a2200193Ia 4500 | ||
|---|---|---|---|
| 008 | 0000001983 usa 0000000000eng00 | ||
| 090 | _aPUS00 F67l | ||
| 100 | 1 | _aFoshay, Ella M. | |
| 245 | 1 | 3 |
_aUna luz en todo tiempo _b: paisajes estadounidenses del siglo xIx _c/ Ella M. Foshay, Sally Mills |
| 300 |
_a80 p. _c/ 24 cm. |
||
| 500 | _aExposición realizada en la Galería de Arte de la Escuela Superior Vassar, Poughkeepsie, 1983 \ Con el patronazgo del maestro venezolano Jesús Rafael Soto (q.e.p.d.) | ||
| 650 | 1 | 4 | _xCATALOGOS |
| 650 | 1 | 4 | _xEXPOSICIONES |
| 650 | 1 | 4 | _aPINTORES ESTADOUNIDENSES |
| 650 | 1 | 4 | _aPINTURA DE PAISAJES ESTADOUNIDENSE |
| 650 | 1 | 4 | _aPINTURA ESTADOUNIDENSE |
| 700 | 1 | _aMills, Sally | |
| 999 |
_c6688 _d6688 |
||
| 260 |
_aNueva York : Galería de Arte de la Escuela Superior Vassar _c1983 |
||